Central Library OPAC University of Rajshahi

گنج ہائے گراں مایہ ;; Ganj Hi Gran Maya / (Record no. 83216)

MARC details
000 -LEADER
fixed length control field 00616nam a22001937a 4500
001 - CONTROL NUMBER
control field 83216
003 - CONTROL NUMBER IDENTIFIER
rucl marc code BD-RjUL
005 - DATE AND TIME OF LATEST TRANSACTION
control field 20240304105340.0
008 - FIXED-LENGTH DATA ELEMENTS--GENERAL INFORMATION
fixed length control field 240304s1976 ii ||||| |||| 00| 0 ur d
035 ## - SYSTEM CONTROL NUMBER
System control number (BD-RjUL)83216
040 ## - CATALOGING SOURCE
Original cataloging agency BD-RjUL
Language of cataloging eng
Transcribing agency BD-RjUL
041 ## - LANGUAGE CODE
Language code of text/sound track or separate title urd
082 ## - DEWEY DECIMAL CLASSIFICATION NUMBER
Edition number 23
Classification number 891.4390922
Author mark and year SIG 1976
245 ## - TITLE STATEMENT
Title گنج ہائے گراں مایہ ;; Ganj Hi Gran Maya /
Statement of responsibility, etc. رشید احمد صدیقی ;; Rashid Ahmad Siddiqui
260 ## - PUBLICATION, DISTRIBUTION, ETC. (IMPRINT)
Place of publication, distribution, etc. نئی دہلی :
Name of publisher, distributor, etc. مکتبہ جامعہ لمیٹیڈ،
Date of publication, distribution, etc. 1971
300 ## - PHYSICAL DESCRIPTION
Pagination 288 p. ;
Size 18 cm
650 ## - SUBJECT ADDED ENTRY--TOPICAL TERM
Topical term or geographic name as entry element Authors
Form subdivision biography
9 (RLIN) 12047
942 ## - ADDED ENTRY ELEMENTS (KOHA)
Source of classification or shelving scheme Dewey Decimal Classification
Koha item type Books
Holdings
Lost status Source of classification or shelving scheme Damaged status Not for loan Collection code Permanent Location Current Location Shelving location Date acquired Cost, normal purchase price Total Checkouts Full call number Date last seen Copy number Koha item type
  Dewey Decimal Classification   Not For Loan Non-fiction Central Library, University of Rajshahi Central Library, University of Rajshahi Reading Room 04/03/2024 30.00   U 891.4390922 SIG 1976 04/03/2024 C-1 Books
  Dewey Decimal Classification     Non-fiction Central Library, University of Rajshahi Central Library, University of Rajshahi General Stacks 04/03/2024 30.00   U 891.4390922 SIG 1976 04/03/2024 C-2 Books